آ تم گيا ن (Record no. 169818)
[ view plain ]
| 000 -LEADER | |
|---|---|
| fixed length control field | 00691nam a22001937a 4500 |
| 005 - DATE AND TIME OF LATEST TRANSACTION | |
| control field | 20191205104617.0 |
| 010 ## - LCCN (DPL NO) | |
| LC control number | A-842614 |
| 020 ## - INTERNATIONAL STANDARD BOOK NUMBER | |
| Terms of availability | Gift |
| International Standard Book Number | - |
| 035 ## - SYSTEM CONTROL NUMBER | |
| System control number | A-842614 |
| 037 ## - SOURCE OF ACQUISITION | |
| Source of stock number/acquisition | BPPD |
| 082 ## - DEWEY DECIMAL CLASSIFICATION NUMBER | |
| Classification number | 239.1 |
| 100 ## - MAIN ENTRY--PERSONAL NAME | |
| Personal name | سر د ا ر بہا د ر جگت سنگھ جی مہا ر ا ج |
| 245 ## - TITLE STATEMENT | |
| Title | آ تم گيا ن |
| Statement of responsibility, etc | سر د ا ر بہا د ر جگت سنگھ جی مہا ر ا ج |
| 246 ## - VARYING FORM OF TITLE | |
| Title proper/short title | Aatam Gayan |
| Remainder of title | by Sardar Bahadur Jagat Singh Ji Maharaj |
| 260 ## - PUBLICATION, DISTRIBUTION, ETC. (IMPRINT) | |
| Place of publication, distribution, etc | Amritsar |
| Name of publisher, distributor, etc | Radha Sawami Sat Sangh Bayas |
| Date of publication, distribution, etc | 1986 ء |
| 270 ## - ADDRESS | |
| Address | Radha Sawami Sat Sangh Bayas Zila Amritsar |
| City | Punjab |
| Telephone number | - |
| 300 ## - PHYSICAL DESCRIPTION | |
| Extent | 248 ص |
| Dimensions | 22 cm(hb) |
| 942 ## - ADDED ENTRY ELEMENTS (KOHA) | |
| Source of classification or shelving scheme | Dewey Decimal Classification |
| Item type | Urdu Bks |
| Classification part | 239.1 |
| Call number suffix | ج گ ت |
| Withdrawn status | Lost status | Not for loan | Collection code | Home library | Current library | Date acquired | Source of acquisition | Cost, normal purchase price | Full call number | Barcode | Copy number | Cost, replacement price | Koha item type |
|---|---|---|---|---|---|---|---|---|---|---|---|---|---|
| Ordered | Non-fiction | Central Library | Central Library | 05/12/2019 | BPPD/Ven. | 0.00 | 239.1 ج گ ت | A-842614 | 1 | 0.00 | Urdu Bks |
